|
|
|
|
| LEADER |
01178nam a2200301 a 4500 |
| 001 |
4074 |
| 003 |
BD-DhAAL |
| 005 |
20150606091522.0 |
| 008 |
150606s2003 maua 000 0 eng |
| 010 |
|
|
|a 2001131496
|
| 020 |
|
|
|a 0618144099 (pbk.)
|
| 040 |
|
|
|a DLC
|c DLC
|d DLC
|d BD-DhAAL
|
| 050 |
0 |
0 |
|a PE1128
|b .B5936 2003
|
| 082 |
0 |
0 |
|a 808/.0428
|2 22
|
| 245 |
0 |
0 |
|a Blueprints 1 :
|b composition skills for academic writing /
|c Keith S. Folse ... [et al.].
|
| 246 |
3 |
|
|a Blueprints one
|
| 246 |
3 |
0 |
|a Composition skills for academic writing
|
| 260 |
|
|
|a Boston :
|b Houghton Mifflin,
|c c2003.
|
| 300 |
|
|
|a xx, 204 p. :
|b ill. ;
|c 28 cm.
|
| 541 |
|
|
|e 4074
|
| 650 |
|
0 |
|a English language
|x Textbooks for foreign speakers.
|9 11684
|
| 650 |
|
0 |
|a English language
|x Paragraphs
|v Problems, exercises, etc.
|9 11685
|
| 650 |
|
0 |
|a English language
|x Rhetoric
|v Problems, exercises, etc.
|9 11558
|
| 650 |
|
0 |
|a Academic writing
|v Problems, exercises, etc.
|9 11686
|
| 700 |
1 |
|
|a Folse, Keith S.
|9 11687
|
| 942 |
|
|
|2 ddc
|c BK
|
| 999 |
|
|
|c 34607
|d 34607
|
| 952 |
|
|
|0 0
|1 0
|2 ddc
|4 0
|6 808_042800000000000_BLU
|7 0
|9 54045
|a SCL
|b SCL
|c GEN
|d 2015-06-06
|l 1
|m 4
|o 808.0428 BLU
|p 3020004074
|r 2019-12-09
|s 2019-09-22
|t 1
|w 2015-06-06
|y BK
|